00442nam a2200169Ia 4500003000400000005001700004008004100021020001800062040000700080041000800087082001900095100003900114245005000153260004200203300001400245365001300259OSt20230401091925.0210423s2009 xx 000 0 und d a9788120300279 cAL aeng a658.7 GOPP223 aGOPALAKRISHNAN (P);SUNDARESAN (M). aMaterials management: an integrated approach. aNew DelhibPHI Learning Pvt Ltdc2009 ax,276bPB b150cINR